[Event "Quebec-ch 30 min."]
[Site "Montreal CAN"]
[Date "1996.08.03"]
[Round "1"]
[White "Vera, Reynaldo"]
[Black "Hebert, Jean"]
[Result "1-0"]
[WhiteElo "2530"]
[BlackElo "2422"]
[PlyCount "87"]
[GameId "2160767911932268"]
[EventDate "1997.08.03"]
[EventType "swiss (rapid)"]
[EventRounds "6"]
[EventCountry "CAN"]

1. d4 Nf6 2. c4 e6 3. Nc3 Bb4 4. Qc2 O-O 5. a3 Bxc3+ 6. Qxc3 d6 7. Bg5 h6 8. Bh4 Nbd7 9. e3 b6 10. f3 c5 11. dxc5 bxc5 12. Bd3 Qb6 13. Ne2 Rb8 14. O-O-O Ba6 15. Rd2 d5 16. Bg3 Rbc8 17. Kb1 Rfd8 18. Rc1 Bb7 19. Bf2 Rb8 20. Qc2 Rbc8 21. cxd5 exd5 22. Bf5 Re8 23. Nc3 Qc6 24. Rcd1 Rcd8 25. Bh4 Nb6 26. e4 d4 27. Ne2 Qb5 28. Bxf6 gxf6 29. Nf4 Nc4 30. Ka1 Ne3 31. Qc1 Nxd1 32. Rxd1 d3 33. Nh5 d2 34. Nxf6+ Kf8 35. Rxd2 Ba6 36. Nxe8 Rxd2 37. Qxd2 Qf1+ 38. Ka2 Bc4+ 39. b3 Bd3 40. Qxh6+ Kxe8 41. Qh8+ Ke7 42. Qe5+ Kd8 43. Qd6+ Ke8 44. Bd7+ 1-0

[Event "Quebec-ch 30 min."]
[Site "Montreal CAN"]
[Date "1997.08.03"]
[Round "2"]
[White "Hua, Lefong"]
[Black "Hebert, Jean"]
[Result "0-1"]
[WhiteElo "1870"]
[BlackElo "2422"]
[PlyCount "91"]
[GameId "2160767911932269"]
[EventDate "1997.08.03"]
[EventType "swiss (rapid)"]
[EventRounds "6"]
[EventCountry "CAN"]

1. d4 Nf6 2. c4 g6 3. Nc3 Bg7 4. e4 O-O 5. f4 d6 6. Be2 c5 7. d5 e6 8. Nf3 exd5 9. cxd5 Bg4 10. Nd2 Bxe2 11. Qxe2 Re8 12. O-O a6 13. a4 Nbd7 14. Qf3 Qc7 15. Nc4 Nb6 16. Nxb6 Qxb6 17. a5 Qc7 18. Re1 Nd7 19. Bd2 Rab8 20. Na4 Bd4+ 21. Kh1 Qd8 22. Bc3 Bxc3 23. Qxc3 Qh4 24. Qg3 Qxg3 25. hxg3 Nf6 26. e5 dxe5 27. fxe5 Nxd5 28. Nxc5 Re7 29. Rad1 Nb4 30. e6 fxe6 31. Rxe6 Rxe6 32. Nxe6 Nc6 33. Rd7 Re8 34. Ng5 Re5 35. Nf3 Rb5 36. Nd2 Ne5 37. Rc7 Rxb2 38. Nf3 Ng4 39. Rc8+ Kg7 40. Rc7+ Kh6 41. Rd7 Rb1+ 42. Ng1 Nf6 43. Rc7 g5 44. Kh2 Kg6 45. Rc5 Ng4+ 46. Kh1 0-1

[Event "Quebec-ch 30 min."]
[Site "Montreal CAN"]
[Date "1997.08.03"]
[Round "3"]
[White "Hebert, Jean"]
[Black "Nogueiras, Jesus"]
[Result "1/2-1/2"]
[WhiteElo "2422"]
[BlackElo "2535"]
[PlyCount "95"]
[GameId "2160767911932270"]
[EventDate "1997.08.03"]
[EventType "swiss (rapid)"]
[EventRounds "6"]
[EventCountry "CAN"]

1. d4 g6 2. c4 Bg7 3. Nf3 d6 4. Nc3 Bg4 5. e3 e5 6. dxe5 dxe5 7. Qxd8+ Kxd8 8. Ng5 Nh6 9. h3 Bd7 10. Bd2 f6 11. Nge4 Na6 12. g4 c6 13. O-O-O Kc7 14. c5 Be6 15. Bxa6 bxa6 16. g5 fxg5 17. Nxg5 Rae8 18. Nxe6+ Rxe6 19. Ne4 Nf7 20. Ba5+ Kc8 21. Rd3 Bf6 22. Rhd1 Bd8 23. Bxd8 Rxd8 24. Rxd8+ Nxd8 25. Kc2 Kc7 26. Nd6 Re7 27. Kc3 a5 28. Kb3 Ne6 29. Ne4 Rf7 30. Ka4 Rf3 31. Rh1 Rf5 32. h4 Rh5 33. Kxa5 g5 34. Ka6 Rxh4 35. Rxh4 gxh4 36. b4 h3 37. Kxa7 h2 38. Ng3 Ng5 39. a4 Ne4 40. Nh1 Nc3 41. f4 exf4 42. exf4 Nxa4 43. f5 Nc3 44. f6 Nb5+ 45. Ka6 Nd4 46. f7 Ne6 47. Ka7 h5 48. Nf2 1/2-1/2

[Event "Quebec-ch 30 min."]
[Site "Montreal CAN"]
[Date "1997.08.03"]
[Round "4"]
[White "Ross, Dave"]
[Black "Hebert, Jean"]
[Result "0-1"]
[WhiteElo "2233"]
[BlackElo "2422"]
[PlyCount "72"]
[GameId "2160767911932271"]
[EventDate "1997.08.03"]
[EventType "swiss (rapid)"]
[EventRounds "6"]
[EventCountry "CAN"]

1. d4 Nf6 2. Nf3 g6 3. c4 Bg7 4. g3 O-O 5. Bg2 d6 6. O-O Nc6 7. Nc3 Rb8 8. h3 Nd7 9. Rb1 e5 10. d5 Ne7 11. Nb5 Ra8 12. e4 h6 13. b4 f5 14. exf5 Nxf5 15. c5 a6 16. Nc3 Qe7 17. Re1 a5 18. c6 Nb6 19. cxb7 Bxb7 20. Re4 Qf7 21. bxa5 Rxa5 22. Reb4 Nd4 23. Nxd4 exd4 24. Ne4 Bxd5 25. Bf4 Bxe4 26. Bxe4 g5 27. Rxb6 cxb6 28. Bxd6 Qxf2+ 29. Kh1 Rf7 30. a3 Raf5 31. Qd3 Rf3 32. Bxf3 Qxf3+ 33. Qxf3 Rxf3 34. Rxb6 d3 35. Rb8+ Kf7 36. Rd8 d2 0-1

[Event "Quebec-ch 30 min."]
[Site "Montreal CAN"]
[Date "1997.08.03"]
[Round "5"]
[White "Hebert, Jean"]
[Black "Murey, Jacob"]
[Result "0-1"]
[WhiteElo "2422"]
[BlackElo "2440"]
[PlyCount "64"]
[GameId "2160767911932272"]
[EventDate "1997.08.03"]
[EventType "swiss (rapid)"]
[EventRounds "6"]
[EventCountry "CAN"]

1. d4 Nf6 2. c4 g6 3. Nc3 Bg7 4. e4 d6 5. Be2 O-O 6. Bg5 Na6 7. Qd2 e5 8. d5 Qe8 9. h4 Nc5 10. Qc2 a5 11. h5 Nxh5 12. Bxh5 gxh5 13. Be3 b6 14. Nf3 f5 15. Bxc5 bxc5 16. Nh4 fxe4 17. Nxe4 Bh6 18. Ke2 Qe7 19. f3 Bg5 20. g3 Bxh4 21. Rxh4 Qf7 22. Qd3 Bf5 23. Rc1 Rab8 24. b3 a4 25. Rc3 axb3 26. axb3 Ra8 27. Rc2 Qg6 28. Kd2 Ra1 29. Kc3 Rg1 30. Rch2 Rxg3 31. Kb2 Bxe4 32. Qxe4 Rfxf3 0-1

[Event "Quebec-ch 30 min."]
[Site "Montreal CAN"]
[Date "1997.08.03"]
[Round "6"]
[White "Hergott, Deen"]
[Black "Hebert, Jean"]
[Result "0-1"]
[WhiteElo "2253"]
[BlackElo "2422"]
[PlyCount "58"]
[GameId "2160767911932273"]
[EventDate "1997.08.03"]
[EventType "swiss (rapid)"]
[EventRounds "6"]
[EventCountry "CAN"]

1. Nf3 Nf6 2. c4 g6 3. Nc3 Bg7 4. d4 O-O 5. e4 d6 6. Be2 e5 7. d5 Na6 8. h4 Nc5 9. Nd2 a5 10. g4 c6 11. f3 h5 12. Nb3 Nxb3 13. axb3 Qb6 14. Bg5 Kh7 15. dxc6 bxc6 16. Qxd6 Ne8 17. Qd1 Nc7 18. Na4 Qa7 19. gxh5 Ne6 20. Qd2 gxh5 21. Be3 c5 22. Nxc5 Nd4 23. Bxd4 exd4 24. Qg5 Bh6 25. Qxh5 Rg8 26. Bd3 Rg6 27. b4 Qb8 28. e5 Qxb4+ 29. Kf1 Qxb2 0-1

[Event "Quebec op"]
[Site "Montreal CAN"]
[Date "1997.07.26"]
[Round "1"]
[White "Hebert, Jean"]
[Black "Prahov, Valentin"]
[Result "1-0"]
[WhiteElo "2432"]
[BlackElo "2200"]
[PlyCount "150"]
[GameId "2160767911932282"]
[EventDate "1997.07.26"]
[EventType "swiss"]
[EventRounds "9"]
[EventCountry "CAN"]
[SourceTitle "EXT 97"]
[Source "ChessBase"]
[SourceDate "1997.11.17"]
[SourceVersion "1"]
[SourceVersionDate "1997.11.17"]
[SourceQuality "1"]

1. d4 Nf6 2. c4 g6 3. Nc3 d5 4. cxd5 Nxd5 5. e4 Nxc3 6. bxc3 c5 7. Nf3 Bg7 8. Rb1 O-O 9. Be2 Qa5 10. O-O Qxa2 11. Bg5 Bf6 12. Be3 cxd4 13. cxd4 b6 14. Ra1 Qe6 15. e5 Bg7 16. Ng5 Qd7 17. Bf3 Bb7 18. e6 fxe6 19. Bxb7 Qxb7 20. Nxe6 Rf5 21. Qb3 Kh8 22. Rfc1 Nc6 23. Qc4 Na5 24. Qa4 Rf6 25. Rc7 Qe4 26. Ng5 Qd5 27. Rd7 Qc6 28. Rxe7 Qxa4 29. Rxa4 Nc6 30. Rc7 a5 31. Ne4 Nb4 32. Nxf6 Bxf6 33. Rb7 Nd5 34. g3 Be7 35. Rd7 Rd8 36. Rxd8+ Bxd8 37. Rc4 Kg7 38. Kg2 Be7 39. Bd2 b5 40. Rc8 a4 41. Ra8 Nb6 42. Ra7 Kf8 43. Rb7 Nc4 44. Bh6+ Ke8 45. Rxb5 a3 46. Rb8+ Kf7 47. Ra8 Ke6 48. Bc1 Kd5 49. Ra7 Bd6 50. Bxa3 Bxa3 51. Rxh7 Ke6 52. d5+ Kf6 53. Rc7 Nd6 54. h4 Bb4 55. f4 Be1 56. Rc6 Bb4 57. Kf3 Kf5 58. g4+ Kf6 59. Rc7 Ba3 60. Rc3 Bb4 61. Re3 Kf7 62. Re6 Ne8 63. Rb6 Bc5 64. Rb7+ Be7 65. h5 gxh5 66. gxh5 Nd6 67. Ra7 Nf5 68. Ra6 Bd6 69. Ra7+ Kf6 70. Ra1 Bc5 71. Ra2 Bd6 72. Ra6 Ke7 73. Ra1 Bc5 74. Re1+ Kf7 75. Re5 Nh6 1-0

[Event "Quebec op"]
[Site "Montreal CAN"]
[Date "1997.07.27"]
[Round "3"]
[White "Leutschaft, Martin"]
[Black "Hebert, Jean"]
[Result "0-1"]
[WhiteElo "2044"]
[BlackElo "2432"]
[PlyCount "92"]
[GameId "2160767911932336"]
[EventDate "1997.07.26"]
[EventType "swiss"]
[EventRounds "9"]
[EventCountry "CAN"]
[SourceTitle "EXT 97"]
[Source "ChessBase"]
[SourceDate "1997.11.17"]
[SourceVersion "1"]
[SourceVersionDate "1997.11.17"]
[SourceQuality "1"]

1. Nf3 Nf6 2. c4 g6 3. b3 Bg7 4. Bb2 O-O 5. g3 d6 6. Bg2 e5 7. O-O c5 8. Nc3 Nc6 9. Ne1 Bg4 10. Nc2 Qd7 11. Ne3 Bh3 12. Ncd5 Nh5 13. f4 Bxg2 14. Kxg2 f5 15. a3 Rae8 16. b4 Nd4 17. Bc3 exf4 18. Nxf4 Nxf4+ 19. gxf4 Qc6+ 20. Kh3 g5 21. Rg1 g4+ 22. Kg3 Re6 23. Rg2 Qe4 24. Rf2 h5 25. h4 Nxe2+ 26. Rxe2 Qf3+ 27. Kh2 Bxc3 28. dxc3 Qxf4+ 29. Kh1 Qf3+ 30. Kh2 Qh3+ 31. Kg1 Rxe3 32. Qd5+ Kg7 33. Rxe3 Qxe3+ 34. Kh2 Qxc3 35. Rd1 Qh3+ 36. Kg1 Qg3+ 37. Kf1 Qh3+ 38. Kg1 Qg3+ 39. Kh1 cxb4 40. axb4 Rf7 41. Qxd6 Qh3+ 42. Kg1 Qxh4 43. Qf4 Re7 44. Qxf5 Qg3+ 45. Kf1 Qh3+ 46. Kg1 Qe3+ 0-1

[Event "Quebec op"]
[Site "Montreal CAN"]
[Date "1997.07.28"]
[Round "4"]
[White "Hebert, Jean"]
[Black "Nogueiras, Jesus"]
[Result "1/2-1/2"]
[WhiteElo "2432"]
[BlackElo "2535"]
[PlyCount "105"]
[GameId "2160767911932361"]
[EventDate "1997.07.26"]
[EventType "swiss"]
[EventRounds "9"]
[EventCountry "CAN"]
[SourceTitle "EXT 97"]
[Source "ChessBase"]
[SourceDate "1997.11.17"]
[SourceVersion "1"]
[SourceVersionDate "1997.11.17"]
[SourceQuality "1"]

1. c4 b6 2. Nc3 e6 3. e4 Bb7 4. Nf3 Bb4 5. Bd3 Ne7 6. O-O O-O 7. Re1 f5 8. a3 Bxc3 9. dxc3 Nbc6 10. exf5 Nxf5 11. Be4 Na5 12. Bxb7 Nxb7 13. Bg5 Qe8 14. Qe2 Qh5 15. Rad1 Nfd6 16. Be7 Rf7 17. Bxd6 cxd6 18. Qe4 Rb8 19. h4 h6 20. b4 Rff8 21. Rd3 Qf7 22. Re2 a6 23. Nd2 b5 24. Qg4 Qf4 25. Qxf4 Rxf4 26. cxb5 axb5 27. g3 Rg4 28. Nf3 Rc4 29. Nd4 Nd8 30. f4 Nf7 31. Kg2 Rc7 32. Nb3 h5 33. f5 exf5 34. Ree3 Ne5 35. Rd5 Nc4 36. Re7 Kf8 37. Re2 g6 38. Nd4 Re8 39. Rxe8+ Kxe8 40. Rxb5 Nxa3 41. Rb8+ Ke7 42. b5 Rxc3 43. b6 Rd3 44. b7 Rxd4 45. Re8+ Kxe8 46. b8=Q+ Ke7 47. Qb2 Rg4 48. Qxa3 f4 49. Qa1 fxg3 50. Qh8 Ke6 51. Qe8+ Kd5 52. Qxd7 Kc5 53. Qc7+ 1/2-1/2

[Event "Quebec op"]
[Site "Montreal CAN"]
[Date "1997.07.29"]
[Round "5"]
[White "Vera, Reynaldo"]
[Black "Hebert, Jean"]
[Result "1/2-1/2"]
[WhiteElo "2530"]
[BlackElo "2432"]
[PlyCount "66"]
[GameId "2160767911932393"]
[EventDate "1997.07.26"]
[EventType "swiss"]
[EventRounds "9"]
[EventCountry "CAN"]
[SourceTitle "EXT 97"]
[Source "ChessBase"]
[SourceDate "1997.11.17"]
[SourceVersion "1"]
[SourceVersionDate "1997.11.17"]
[SourceQuality "1"]

1. d4 Nf6 2. Nf3 g6 3. c4 Bg7 4. Nc3 O-O 5. e4 d6 6. Be2 e5 7. O-O Nc6 8. Be3 Ng4 9. Bg5 f6 10. Bc1 f5 11. Bg5 Qe8 12. dxe5 Ngxe5 13. exf5 Bxf5 14. Qd2 Qf7 15. b3 Rae8 16. Rae1 Nxf3+ 17. Bxf3 Nd4 18. Bd5 Be6 19. h3 c6 20. Bxe6 Rxe6 21. Rxe6 Nxe6 22. Be3 Qf5 23. Ne2 d5 24. cxd5 Qxd5 25. Qc2 c5 26. Rd1 Nd4 27. Bxd4 cxd4 28. Nc1 b5 29. Nd3 Qf5 30. Qe2 Rc8 31. Rc1 Rc3 32. Rd1 Rc8 33. Rc1 Rc3 1/2-1/2

[Event "Quebec op"]
[Site "Montreal CAN"]
[Date "1997.07.30"]
[Round "6"]
[White "Hebert, Jean"]
[Black "Leveille, Francois"]
[Result "1-0"]
[WhiteElo "2432"]
[BlackElo "2342"]
[PlyCount "69"]
[GameId "2160767911932403"]
[EventDate "1997.07.26"]
[EventType "swiss"]
[EventRounds "9"]
[EventCountry "CAN"]
[SourceTitle "EXT 97"]
[Source "ChessBase"]
[SourceDate "1997.11.17"]
[SourceVersion "1"]
[SourceVersionDate "1997.11.17"]
[SourceQuality "1"]

1. c4 e6 2. Nf3 Nf6 3. Nc3 d5 4. d4 dxc4 5. e3 a6 6. a4 Bb4 7. Bxc4 O-O 8. O-O c5 9. Na2 b6 10. Nxb4 cxb4 11. Ne5 Bb7 12. f3 Nfd7 13. Nd3 Nc6 14. Bd2 a5 15. Rc1 Nf6 16. Be1 Ne7 17. Bf2 Nf5 18. Ne5 Nd5 19. Re1 Nd6 20. Bb3 Qg5 21. h4 Qe7 22. e4 Nf6 23. d5 exd5 24. exd5 Nh5 25. Ng6 Qf6 26. Nxf8 Rxf8 27. Qd4 Qg6 28. Re5 f6 29. Re6 Nf5 30. Qg4 Qh6 31. Rc7 g6 32. d6 Kh8 33. Rxb7 Qc1+ 34. Re1 Qxb2 35. Be6 1-0

[Event "Quebec op"]
[Site "Montreal CAN"]
[Date "1997.08.01"]
[Round "8"]
[White "Hebert, Jean"]
[Black "Schleifer, Michael"]
[Result "0-1"]
[WhiteElo "2432"]
[BlackElo "2327"]
[PlyCount "58"]
[GameId "2160767911932445"]
[EventDate "1997.07.26"]
[EventType "swiss"]
[EventRounds "9"]
[EventCountry "CAN"]
[SourceTitle "EXT 97"]
[Source "ChessBase"]
[SourceDate "1997.11.17"]
[SourceVersion "1"]
[SourceVersionDate "1997.11.17"]
[SourceQuality "1"]

1. d4 Nf6 2. c4 g6 3. Nc3 Bg7 4. e4 O-O 5. Be2 c5 6. d5 d6 7. Nf3 e6 8. Nd2 exd5 9. cxd5 Re8 10. O-O Na6 11. f3 Nc7 12. a4 b6 13. Kh1 Rb8 14. Nb5 a6 15. Na7 Bb7 16. Nc4 Ncxd5 17. exd5 Nxd5 18. Na3 Nb4 19. a5 d5 20. Bf4 Ra8 21. Nc4 dxc4 22. Qxd8 Raxd8 23. Bg5 Ra8 24. Bxc4 Rxa7 25. axb6 Raa8 26. Rad1 Bd4 27. Bd2 a5 28. Bc3 Nc2 29. Bb5 Re6 0-1

[Event "Quebec op"]
[Site "Montreal CAN"]
[Date "1997.08.02"]
[Round "9"]
[White "Hebert, Jean"]
[Black "Duong, Thanh Nha"]
[Result "1-0"]
[WhiteElo "2432"]
[BlackElo "2313"]
[PlyCount "143"]
[GameId "2160767911932464"]
[EventDate "1997.07.26"]
[EventType "swiss"]
[EventRounds "9"]
[EventCountry "CAN"]
[SourceTitle "EXT 97"]
[Source "ChessBase"]
[SourceDate "1997.11.17"]
[SourceVersion "1"]
[SourceVersionDate "1997.11.17"]
[SourceQuality "1"]

1. d4 d5 2. c4 e6 3. Nc3 Nf6 4. Nf3 Nbd7 5. cxd5 exd5 6. Bg5 Be7 7. e3 c6 8. Bd3 O-O 9. Qc2 Re8 10. O-O Nf8 11. Bxf6 Bxf6 12. b4 a6 13. Na4 Be7 14. Rab1 Bd6 15. Bf5 Qe7 16. Bxc8 Raxc8 17. Nc5 Ng6 18. Rfc1 Rc7 19. a4 Nh4 20. Qd1 Nf5 21. Qb3 g5 22. Qd3 Ng7 23. g3 Rec8 24. Re1 f5 25. Qb3 Kh8 26. Nd3 Ne6 27. Nc5 Ng7 28. Qd3 Qf6 29. Kg2 Rf8 30. Rh1 Rcf7 31. Rhf1 g4 32. Ng1 Nh5 33. Ne2 Qh6 34. Rh1 Rg8 35. h4 Qf6 36. Rhc1 Re8 37. Qd2 Rfe7 38. Nd3 f4 39. Nexf4 Bxf4 40. exf4 Re2 41. Qc3 Qf5 42. Ne5 Qe4+ 43. Kg1 Nxf4 44. gxf4 Qxf4 45. Rf1 Rf8 46. Rb2 Re4 47. Qg3 Rxd4 48. Qxf4 Rfxf4 49. Rfb1 Kg7 50. Nd7 Rf7 51. Nc5 Kg6 52. a5 Kh5 53. Kg2 Rdf4 54. Ne6 R4f5 55. Re2 Kg6 56. Rbe1 Rd7 57. Kg3 Rf3+ 58. Kxg4 Rdf7 59. h5+ Kh6 60. Rd1 Rxf2 61. Rxf2 Rxf2 62. Nc5 Rg2+ 63. Kh3 Rg7 64. Kh4 Re7 65. Rf1 Kg7 66. Rf4 Kg8 67. Kg5 Re5+ 68. Kh6 Re7 69. Rf6 Rc7 70. Rd6 Re7 71. Rd8+ Kf7 72. Kxh7 1-0

[Event "Quebec-ch"]
[Site "Longueuil CAN"]
[Date "1997.06.05"]
[Round "1"]
[White "Hebert, Jean"]
[Black "Mikanovic, Goran"]
[Result "0-1"]
[WhiteElo "2465"]
[BlackElo "2305"]
[PlyCount "88"]
[GameId "2160767911965668"]
[EventDate "1997.06.05"]
[EventType "tourn"]
[EventRounds "9"]
[EventCountry "CAN"]
[SourceTitle "EXP 58"]
[Source "ChessBase"]
[SourceDate "1997.07.29"]
[SourceVersion "1"]
[SourceVersionDate "1997.07.29"]
[SourceQuality "1"]

1. d4 Nf6 2. c4 e6 3. Nc3 Bb4 4. Qc2 O-O 5. a3 Bxc3+ 6. Qxc3 b6 7. Bg5 Bb7 8. f3 h6 9. Bh4 d5 10. e3 Nbd7 11. cxd5 Nxd5 12. Bxd8 Nxc3 13. Bh4 Nd5 14. Bf2 f5 15. Bc4 Rae8 16. Ne2 N7f6 17. O-O-O Kh8 18. Rhe1 c5 19. dxc5 bxc5 20. Nf4 Nxf4 21. exf4 Bd5 22. Bxd5 Nxd5 23. g3 a5 24. Re5 Kg8 25. Kb1 Rb8 26. Be1 Kf7 27. Bxa5 Rb3 28. Ka2 Rfb8 29. Re2 Rxf3 30. Rc1 Rb5 31. Bd2 Rfb3 32. Be1 Rd3 33. Bf2 g5 34. fxg5 hxg5 35. Bxc5 f4 36. gxf4 gxf4 37. Bd6 f3 38. Rf2 Nf6 39. Bg3 e5 40. Rc6 e4 41. b4 Rf5 42. a4 e3 43. Rf1 e2 44. Re1 Nd5 0-1

[Event "Quebec-ch"]
[Site "Longueuil CAN"]
[Date "1997.06.06"]
[Round "2"]
[White "Hebert, Jean"]
[Black "Moussa, Alaa Eddine"]
[Result "1-0"]
[WhiteElo "2465"]
[BlackElo "2235"]
[PlyCount "171"]
[GameId "2160767911965672"]
[EventDate "1997.06.05"]
[EventType "tourn"]
[EventRounds "9"]
[EventCountry "CAN"]
[SourceTitle "EXP 58"]
[Source "ChessBase"]
[SourceDate "1997.07.29"]
[SourceVersion "1"]
[SourceVersionDate "1997.07.29"]
[SourceQuality "1"]

1. d4 Nf6 2. c4 e6 3. Nc3 Bb4 4. e3 O-O 5. Nge2 d5 6. a3 Bd6 7. Ng3 a6 8. c5 Be7 9. b4 Nfd7 10. Bd3 c6 11. O-O e5 12. f3 Bf6 13. Nce2 a5 14. Bb2 exd4 15. Bxd4 Bxd4 16. exd4 axb4 17. axb4 Rxa1 18. Qxa1 Nf6 19. Qc1 Re8 20. Qf4 Qe7 21. Ra1 Na6 22. Bxa6 bxa6 23. Kf2 h5 24. h4 g6 25. Ra3 Kg7 26. Qg5 Kh7 27. Re3 Qxe3+ 28. Qxe3 Rxe3 29. Kxe3 Ng8 30. Kf4 f6 31. Nf1 Nh6 32. Ne3 Nf7 33. g4 g5+ 34. hxg5 fxg5+ 35. Kg3 hxg4 36. fxg4 Kg6 37. Ng1 Kf6 38. Nf3 Bd7 39. Nd1 Bc8 40. Nb2 Be6 41. Nd3 Nd8 42. Nde5 Bc8 43. Nd2 Bb7 44. Nb3 Ne6 45. Nd3 Bc8 46. Kf3 Bd7 47. Ke3 Nd8 48. Ne5 Be8 49. Na5 Ke7 50. Kd3 Kf6 51. Kc3 Ke7 52. Kb3 Kf6 53. Ka3 Kg7 54. Ka4 Kf6 55. Nb3 Ne6 56. Nf3 Bg6 57. Ka5 Bc2 58. Nbd2 Bd3 59. Kb6 Bb5 60. Kb7 Ke7 61. Nb3 Kf6 62. Kb6 Be2 63. Nbd2 Bb5 64. Kb7 Ke7 65. Nb3 Kf6 66. Na5 Be2 67. Ng1 Bxg4 68. Nxc6 Bd1 69. Kxa6 Ba4 70. Kb6 Kf5 71. Ne2 g4 72. Ne7+ Ke4 73. Nc3+ Kxd4 74. Nxa4 Kc4 75. c6 Kxb4 76. Nc5 Nxc5 77. c7 Nd7+ 78. Kc6 Ne5+ 79. Kxd5 Nc4 80. Kc6 Na5+ 81. Kd7 Nc4 82. Nd5+ Kc5 83. c8=Q+ Kxd5 84. Qg8+ Kc5 85. Qg5+ Kb6 86. Qd5 1-0

[Event "Quebec-ch"]
[Site "Longueuil CAN"]
[Date "1997.06.07"]
[Round "3"]
[White "Cote, Jacques"]
[Black "Hebert, Jean"]
[Result "0-1"]
[WhiteElo "2090"]
[BlackElo "2465"]
[PlyCount "62"]
[GameId "2160767911965676"]
[EventDate "1997.06.05"]
[EventType "tourn"]
[EventRounds "9"]
[EventCountry "CAN"]
[SourceTitle "EXP 58"]
[Source "ChessBase"]
[SourceDate "1997.07.29"]
[SourceVersion "1"]
[SourceVersionDate "1997.07.29"]
[SourceQuality "1"]

1. e4 c5 2. Nf3 Nc6 3. d4 cxd4 4. Nxd4 e6 5. Nb5 d6 6. c4 Nf6 7. N1c3 a6 8. Nd4 Be7 9. Be2 Bd7 10. Nc2 Rc8 11. Bg5 Ne5 12. Ne3 Qb6 13. Qd2 h6 14. Bh4 Bc6 15. Bxf6 Bxf6 16. f4 Nd7 17. Bf3 O-O 18. h4 Nc5 19. g4 Bxc3 20. bxc3 Bxe4 21. Bxe4 Nxe4 22. Qd4 Qb2 23. O-O Ng3 24. Qxd6 Nxf1 25. Rxf1 Qxc3 26. Rf3 Rfd8 27. Qb6 Qe1+ 28. Nf1 Qxh4 29. Qxb7 Qxg4+ 30. Ng3 Rxc4 31. Kf2 Rxf4 0-1

[Event "Quebec-ch"]
[Site "Longueuil CAN"]
[Date "1997.06.08"]
[Round "4"]
[White "Hebert, Jean"]
[Black "Goldenberg, Danny"]
[Result "1-0"]
[WhiteElo "2465"]
[BlackElo "2270"]
[PlyCount "87"]
[GameId "2160767911965682"]
[EventDate "1997.06.05"]
[EventType "tourn"]
[EventRounds "9"]
[EventCountry "CAN"]
[SourceTitle "EXP 58"]
[Source "ChessBase"]
[SourceDate "1997.07.29"]
[SourceVersion "1"]
[SourceVersionDate "1997.07.29"]
[SourceQuality "1"]

1. d4 Nf6 2. c4 c5 3. d5 b5 4. cxb5 a6 5. b6 Qxb6 6. Nc3 g6 7. e4 d6 8. Nf3 Bg7 9. Nd2 Bd7 10. Nc4 Qb7 11. a4 O-O 12. Be2 Be8 13. f4 Nfd7 14. O-O Nb6 15. Ne3 a5 16. Kh1 Na6 17. f5 Nd7 18. Nc4 Nb4 19. Bg5 Nf6 20. Qd2 Bd7 21. g4 Qc7 22. Bf3 Rab8 23. Rae1 Rfe8 24. Bf4 Red8 25. e5 Ne8 26. e6 fxe6 27. fxe6 Bc8 28. Nb5 Qb7 29. Nxa5 Qb6 30. Nc4 Qa6 31. b3 Bb7 32. Rd1 Rdc8 33. Bh6 Nf6 34. Bxg7 Kxg7 35. Qb2 h6 36. h4 g5 37. h5 Kg8 38. Qb1 Nbxd5 39. Qg6+ Kh8 40. Qxh6+ Kg8 41. Qxg5+ Kh8 42. Bxd5 Nxd5 43. Qh6+ Kg8 44. Rf7 1-0

[Event "Quebec-ch"]
[Site "Longueuil CAN"]
[Date "1997.06.11"]
[Round "6"]
[White "Hebert, Jean"]
[Black "Saint-Pierre, Benoit"]
[Result "1-0"]
[WhiteElo "2465"]
[BlackElo "2278"]
[PlyCount "73"]
[GameId "2160767911965692"]
[EventDate "1997.06.05"]
[EventType "tourn"]
[EventRounds "9"]
[EventCountry "CAN"]
[SourceTitle "EXP 58"]
[Source "ChessBase"]
[SourceDate "1997.07.29"]
[SourceVersion "1"]
[SourceVersionDate "1997.07.29"]
[SourceQuality "1"]

1. Nf3 c5 2. c4 Nf6 3. Nc3 b6 4. e3 g6 5. d4 Bg7 6. d5 O-O 7. e4 d6 8. Bd3 e6 9. h3 exd5 10. exd5 Re8+ 11. Be3 Bh6 12. O-O Bxe3 13. fxe3 Qe7 14. e4 Nbd7 15. Qd2 a6 16. Rf2 Ra7 17. Raf1 Nh5 18. g4 Nhf6 19. Qh6 Ne5 20. Nxe5 Qxe5 21. Kg2 Qd4 22. Rxf6 Qxd3 23. Qf4 Rf8 24. Rxd6 f5 25. e5 b5 26. cxb5 axb5 27. Rf3 Qd4 28. Qxd4 cxd4 29. Nxb5 Rxa2 30. Nxd4 Rxb2+ 31. Rf2 Rxf2+ 32. Kxf2 fxg4+ 33. Kg3 gxh3 34. e6 Kg7 35. Rb6 Kf6 36. d6 Ke5 37. d7 1-0

[Event "Quebec-ch"]
[Site "Longueuil CAN"]
[Date "1997.06.12"]
[Round "7"]
[White "Linskiy, Oleg"]
[Black "Hebert, Jean"]
[Result "1/2-1/2"]
[WhiteElo "2200"]
[BlackElo "2465"]
[PlyCount "72"]
[GameId "2160767911965699"]
[EventDate "1997.06.05"]
[EventType "tourn"]
[EventRounds "9"]
[EventCountry "CAN"]
[SourceTitle "EXP 58"]
[Source "ChessBase"]
[SourceDate "1997.07.29"]
[SourceVersion "1"]
[SourceVersionDate "1997.07.29"]
[SourceQuality "1"]

1. e4 c5 2. Nf3 Nc6 3. d4 cxd4 4. Nxd4 e6 5. Nb5 d6 6. Bf4 e5 7. Be3 Be6 8. c4 Be7 9. N1c3 a6 10. Na3 Bg5 11. Qd2 Bxe3 12. fxe3 Nge7 13. Be2 O-O 14. O-O Qb6 15. Nd5 Qd8 16. Rad1 Nc8 17. Kh1 h6 18. Qc3 N6e7 19. Nxe7+ Qxe7 20. Qb4 b6 21. Nb1 Qc7 22. Qd2 b5 23. cxb5 axb5 24. a3 Qb6 25. Qb4 Ra4 26. Qxb5 Rxe4 27. Qxb6 Nxb6 28. Rxd6 Na4 29. b4 Rxe3 30. Bb5 Nc3 31. Nxc3 Rxc3 32. Ra1 Rb3 33. Bc6 Bc4 34. h3 Rb8 35. Rc1 Be6 36. Ra1 Bc4 1/2-1/2

[Event "Quebec-ch"]
[Site "Longueuil CAN"]
[Date "1997.06.13"]
[Round "8"]
[White "Hebert, Jean"]
[Black "Filion, Charles"]
[Result "1-0"]
[WhiteElo "2465"]
[BlackElo "2155"]
[PlyCount "67"]
[GameId "2160767911965703"]
[EventDate "1997.06.05"]
[EventType "tourn"]
[EventRounds "9"]
[EventCountry "CAN"]
[SourceTitle "EXP 58"]
[Source "ChessBase"]
[SourceDate "1997.07.29"]
[SourceVersion "1"]
[SourceVersionDate "1997.07.29"]
[SourceQuality "1"]

1. Nf3 Nf6 2. c4 g6 3. Nc3 Bg7 4. d4 O-O 5. Bf4 d5 6. e3 c5 7. dxc5 Qa5 8. Rc1 dxc4 9. Bxc4 Qxc5 10. Qb3 Nc6 11. Ng5 Ne5 12. Bxe5 Qxe5 13. Nxf7 Rxf7 14. Bxf7+ Kh8 15. Bc4 a6 16. Be2 b5 17. Bf3 Rb8 18. O-O Be6 19. Qb4 Bc4 20. Rfd1 Qc7 21. Ne2 e5 22. Ng3 e4 23. Be2 a5 24. Qd2 Qf7 25. Qxa5 Rf8 26. Qe1 h5 27. b3 h4 28. Bxc4 bxc4 29. Ne2 Nh7 30. Nd4 Be5 31. f4 exf3 32. Nxf3 Bg3 33. Qc3+ Nf6 34. Qxc4 1-0